Битва за Днепр. Штурм "Восточного вала", 1943 (Запись № 13427157)
[ простой вид ]
| 000 -МАРКЕР | |
|---|---|
| контрольное поле | 02189nam0a2200373 4500 |
| 001 - ИДЕНТИФИКАТОР ЗАПИСИ | |
| контрольное поле | RU\NLR\BIBL_A\022495405 |
| 005 - ИДЕНТИФИКАТОР ВЕРСИИ | |
| контрольное поле | 20250604105934.0 |
| 010 ## - МЕЖДУНАРОДНЫЙ СТАНДАРТНЫЙ НОМЕР КНИГИ (ISBN) | |
| Номер (ISBN) | 978-5-4484-5195-9 |
| Тираж | 500 |
| 021 ## - НОМЕР ГОСУДАРСТВЕННОЙ РЕГИСТРАЦИИ | |
| Код страны | Российская Федерация |
| Номер | КН-П-25-001857 |
| Номер Листа государственной регистраци | КН-П-25-0175 |
| 035 ## - ДРУГИЕ СИСТЕМНЫЕ НОМЕРА | |
| Идентификатор записи | (NLR Aleph) 022495405 |
| 100 ## - ДАННЫЕ ОБЩЕЙ ОБРАБОТКИ | |
| Данные общей обработки | 20250319d2024 u y0rusy50 ca |
| 101 0# - ЯЗЫК РЕСУРСА | |
| Язык текста, звукозаписи и т.д. | русский |
| 102 ## - СТРАНА ПУБЛИКАЦИИ ИЛИ ПРОИЗВОДСТВА | |
| Страна публикации | Российская Федерация |
| 105 ## - ПОЛЕ КОДИРОВАННЫХ ДАННЫХ: ТЕКСТОВЫЕ МАТЕРИАЛЫ, МОНОГРАФИЧЕСКИЕ | |
| Кодированные данные о монографическом текстовом документе | abc z 000zy |
| 181 #0 - ПОЛЕ КОДИРОВАННЫХ ДАННЫХ: ВИД СОДЕРЖАНИЯ | |
| Код вида содержания (ISBD) | i |
| Код характеристики содержания (ISBD) | axxe |
| 182 #0 - ПОЛЕ КОДИРОВАННЫХ ДАННЫХ: ТИП СРЕДСТВА | |
| Код типа средства (ISBD) | n - непосредственное |
| 200 1# - ЗАГЛАВИЕ И СВЕДЕНИЯ ОБ ОТВЕТСТВЕННОСТИ | |
| Основное заглавие | Битва за Днепр. Штурм "Восточного вала", 1943 |
| Сведения, относящиеся к заглавию | сборник военно-исторических работ, посвященных форсированию Красной армией Днепра осенью 1943 г., борьбе за Киев и плацдармы на Правобережье |
| Первые сведения об ответственности | авт.-сост. В. Л. Гончаров |
| 203 ## - ВИД СОДЕРЖАНИЯ И ТИП СРЕДСТВА | |
| Вид содержания | Текст |
| Дополнительные сведения об издании | визуальный |
| Тип средства | непосредственный |
| 210 ## - ПУБЛИКАЦИЯ, РАСПРОСТРАНЕНИЕ И ДР. | |
| Место издания, распространения и т.д. | Москва |
| Имя издателя, распространителя и т. д. | Вече |
| Дата издания, распространения и т.д. | печ. 2024 (макет 2025) |
| 215 ## - ФИЗИЧЕСКАЯ ХАРАКТЕРИСТИКА | |
| Специфическое обозначение материала и объем | 621, [2] с. |
| Другие сведения о физической характеристике | ил., портр., карты |
| Размеры | 22 |
| 225 1# - СЕРИЯ | |
| Основное заглавие серии | Шаги к Великой Победе |
| 327 1# - ПРИМЕЧАНИЯ О СОДЕРЖАНИИ | |
| Текст примечания | Кн. содержит: подготовленный Генеральным штабом очерк "Наступление 1-го Украинского (Воронежского) фронта на киевском направлении в 1943 г.", и две работы о действиях войск 2-го Украинского фронта-37-й и 52-й армий |
| 606 1# - НАИМЕНОВАНИЕ ТЕМЫ КАК ПРЕДМЕТ | |
| Наименование темы | Битва за Днепр |
| Формальный подзаголовок | Сборники |
| Хронологический подзаголовок | 1943 |
| Системный номер авторитетной/нормативной записи | 1177032 |
| Идентификатор авторитетной/нормативной записи | RU\NLR\AUTH\66155447 |
| 686 1# - ИНДЕКСЫ ДРУГИХ КЛАССИФИКАЦИЙ | |
| Индекс | Ц35(2)722.322я43 |
| 702 #1 - ИМЯ ЛИЦА - ВТОРИЧНАЯ ОТВЕТСТВЕННОСТЬ | |
| Код отношения | Составитель |
| Графика поля | Кириллица |
| Материалы, к которым относится поле | rus |
| Начальный элемент ввода | Гончаров |
| Часть имени, кроме начального элемента ввода | В. Л. |
| Дополнения к именам, кроме дат | критик, воен. историк |
| Даты | 1970- |
| Расширение инициалов личного имени | Владислав Львович |
| Системный номер авторитетной/нормативной записи | 10155 |
| Идентификатор авторитетной/нормативной записи | RU\NLR\AUTH\7727118 |
| 712 02 - НАИМЕНОВАНИЕ ОРГАНИЗАЦИИ - ВТОРИЧНАЯ ОТВЕТСТВЕННОСТЬ | |
| Код отношения | Прочие |
| Начальный элемент ввода | Украинский фронт |
| Идентифицирующий признак | 1; 1943-1945 |
| Системный номер авторитетной/нормативной записи | 384887 |
| Идентификатор авторитетной/нормативной записи | RU\NLR\AUTH\880358730 |
| 712 02 - НАИМЕНОВАНИЕ ОРГАНИЗАЦИИ - ВТОРИЧНАЯ ОТВЕТСТВЕННОСТЬ | |
| Код отношения | Прочие |
| Начальный элемент ввода | Армия |
| Идентифицирующий признак | 37; 1941-1944 |
| Системный номер авторитетной/нормативной записи | 528396 |
| Идентификатор авторитетной/нормативной записи | RU\NLR\AUTH\880432017 |
| 712 02 - НАИМЕНОВАНИЕ ОРГАНИЗАЦИИ - ВТОРИЧНАЯ ОТВЕТСТВЕННОСТЬ | |
| Код отношения | Прочие |
| Начальный элемент ввода | Армия |
| Идентифицирующий признак | 52; 1941-1945 |
| Системный номер авторитетной/нормативной записи | 2657693 |
| Идентификатор авторитетной/нормативной записи | RU\NLR\AUTH\880625325 |
| 942 ## - ДОПОЛНИТЕЛЬНЫЕ ЭЛЕМЕНТЫ ЗАПИСИ (АБИС) | |
| Тип экземпляра АБИС | Книга |
| 980 ## - КОЛЛЕКЦИЯ | |
| Название коллекции | Национальная библиография |
Нет доступных экземпляров.